| 000 | 00614nam a2200205Ia 4500 | ||
|---|---|---|---|
| 005 | 20250326142806.0 | ||
| 008 | 250326s9999 xx 000 0 und d | ||
| 020 | _a0-87692-078-4 | ||
| 037 | _aTextbook | ||
| 040 |
_aFMSL _beng _cFMSL |
||
| 041 |
_aeng _2eng |
||
| 084 |
_aX:80gD658(2:55) M3;10 _qFMSL |
||
| 100 | _aMurdick Robert G | ||
| 245 | 0 |
_aInformation systems for modern management _cMurdick Robert G; Ross Joel E |
|
| 250 | _aEd 2 | ||
| 260 |
_aN.D _bN.D, Prentice-Hall of India _c1982 |
||
| 300 | _axv,671 | ||
| 942 |
_cTB _hX:80gD658(2:55) M3;10 |
||
| 999 |
_c1296653 _d1296653 |
||